[Event "TURNIEJ O PUCHAR UKS PALAC MLODZIEZY KATOWICE Z OKAZJI DNIA NIEPODLEGLOSCI"]
[Site "Centrum Kongresow i Rekreacji Orle Gniazdo ul. Wrzosowa 28a, Szczyrk"]
[Date "1899-12-30"]
[Round "1.1"]
[White "Warakomski, Tomasz"]
[Black "Guzik, Michal"]
[Result "1-0"]
[WhiteTitle "IM"]
[BlackTitle "II"]
[WhiteElo "2485"]
[BlackElo "1298"]

1. e4 c6 2. d4 d5 3. e5 Bf5 4. Nf3 e6 5. Be2 Nd7 6. O-O Ne7 7. Be3 Bg6 8. Nbd2
Nf5 9. Bg5 Be7 10. Bxe7 Nxe7 11. Nb3 Qb6 12. a4 a5 13. Qd2 Nf5 14. Ne1 O-O 15.
Qc3 Rfc8 16. Nd3 Qc7 17. Qd2 Nb6 18. Nf4 Nc4 19. Qc3 Ne7 20. Nxg6 Nxg6 21. Bxc4
dxc4 22. Qxc4 Rd8 23. c3 Qd7 24. Nc5 Qc8 25. Ne4 Rb8 26. Rfe1 b5 27. axb5 cxb5
28. Qxc8 Rdxc8 29. Rxa5 b4 30. Nd6 Rc7 31. c4 Ne7 32. Rea1 Nc6 33. Rc5 h6 34.
d5 exd5 35. cxd5 Rb6 36. Rac1 Ra6 37. Rxc6 Rcxc6 38. dxc6 1-0

[Event "TURNIEJ O PUCHAR UKS PALAC MLODZIEZY KATOWICE Z OKAZJI DNIA NIEPODLEGLOSCI"]
[Site "Centrum Kongresow i Rekreacji Orle Gniazdo ul. Wrzosowa 28a, Szczyrk"]
[Date "1899-12-30"]
[Round "1.2"]
[White "Gazda, Dominik"]
[Black "Kowalczyk, Rafal"]
[Result "0-1"]
[WhiteTitle "II+"]
[BlackTitle "k+"]
[WhiteElo "1294"]
[BlackElo "2271"]

1. e4 e5 2. Nf3 Nc6 3. Bb5 a6 4. Ba4 Nf6 5. O-O Be7 6. d3 b5 7. Bb3 O-O 8. c3 d5
9. h3 Bb7 10. Re1 dxe4 11. dxe4 Qxd1 12. Bxd1 Rad8 13. Bc2 Rfe8 14. Bg5 h6 15.
Bh4 g5 16. Bg3 Bd6 17. h4 g4 18. Nh2 Bc5 19. Kf1 a5 20. a3 a4 21. c4 Nd4 22. Bd1
h5 23. cxb5 Nxe4 24. Nc3 Nxg3+ 25. fxg3 Nf5 26. Ne2 Ne3+ 27. Kg1 Nxg2+ 28. Kh1
Nf4+ 29. Nf3 gxf3 30. Kh2 Nxe2 31. Bxe2 Rd2 32. Rad1 Rxe2+ 33. Rxe2 fxe2 34. Re1
Bf3 0-1

[Event "TURNIEJ O PUCHAR UKS PALAC MLODZIEZY KATOWICE Z OKAZJI DNIA NIEPODLEGLOSCI"]
[Site "Centrum Kongresow i Rekreacji Orle Gniazdo ul. Wrzosowa 28a, Szczyrk"]
[Date "1899-12-30"]
[Round "1.3"]
[White "Goluch, Piotr"]
[Black "Kosztyla, Mateusz"]
[Result "1-0"]
[WhiteTitle "FM"]
[BlackTitle "II"]
[WhiteElo "2264"]
[BlackElo "1288"]

1. Nf3 Nc6 2. d4 d5 3. g3 Nf6 4. Bg2 e6 5. O-O Bd6 6. Nbd2 O-O 7. c4 b6 8. b3 Bb7
9. Bb2 Ne7 10. Ne5 c5 11. cxd5 Nexd5 12. Ndc4 cxd4 13. Nxd6 Qxd6 14. Qxd4 Rac8
15. e4 Qe7 16. exd5 Nxd5 17. Nd7 f6 18. Nxf8 Rxf8 19. Rfe1 Rd8 20. Rad1 h6 21.
Qc4 Qd7 22. Bh3 b5 23. Qg4 Qc6 24. Qxe6+ Qxe6 25. Bxe6+ Kh8 26. Rd4 Re8 27. f4
Nc7 28. f5 a6 29. Ba3 a5 30. Bd6 Na6 31. Red1 Nb4 32. Bxb4 axb4 33. Rd8 Rxd8 34.
Rxd8+ Kh7 35. Bg8+ Kh8 36. Bf7+ Kh7 37. Bg6# 1-0

[Event "TURNIEJ O PUCHAR UKS PALAC MLODZIEZY KATOWICE Z OKAZJI DNIA NIEPODLEGLOSCI"]
[Site "Centrum Kongresow i Rekreacji Orle Gniazdo ul. Wrzosowa 28a, Szczyrk"]
[Date "1899-12-30"]
[Round "1.4"]
[White "Kietrys, Maciej"]
[Black "Mroziak, Maciej"]
[Result "0-1"]
[WhiteTitle "II"]
[BlackTitle "m"]
[WhiteElo "1285"]
[BlackElo "2207"]

1. e4 d5 2. exd5 Nf6 3. Nc3 Nxd5 4. d4 Nc6 5. Nf3 Bg4 6. Bb5 Nxc3 7. bxc3 Qd5 8.
Bxc6+ Qxc6 9. Bd2 O-O-O 10. Qe2 Bxf3 11. Qxf3 Qxf3 12. gxf3 e6 13. Ke2 c5 14.
Be3 Be7 15. Rad1 Bf6 16. Rhg1 h6 17. Rd3 c4 18. Rdd1 Rd5 19. Rb1 Kc7 20. Rb4 b5
21. a4 a6 22. Rgb1 Kc6 23. a5 Rh5 24. Rg1 Rxh2 25. Rf1 Bd8 26. Ra1 Bc7 27. Rbb1
Rh5 28. Rg1 g6 29. Rh1 Rxh1 30. Rxh1 Bxa5 31. Rxh6 Rxh6 32. Bxh6 Bxc3 33. Bg7
Kd5 34. Ke3 a5 0-1

[Event "TURNIEJ O PUCHAR UKS PALAC MLODZIEZY KATOWICE Z OKAZJI DNIA NIEPODLEGLOSCI"]
[Site "Centrum Kongresow i Rekreacji Orle Gniazdo ul. Wrzosowa 28a, Szczyrk"]
[Date "1899-12-30"]
[Round "1.5"]
[White "Szymczak, Zbigniew"]
[Black "Kalkowski, Igor"]
[Result "1-0"]
[WhiteTitle "IM"]
[BlackTitle "II"]
[WhiteElo "2190"]
[BlackElo "1284"]

1. d4 c5 2. d5 g6 3. Nc3 Bg7 4. e4 d6 5. Nf3 Nd7 6. Be2 a6 7. a4 Ngf6 8. O-O O-O
9. h3 Ne8 10. Bf4 Nc7 11. Re1 h6 12. Qd2 Kh7 13. Bf1 b6 14. e5 dxe5 15. Nxe5 Nxe5
16. Bxe5 Bxe5 17. Rxe5 f6 18. Re3 Kg7 19. Rae1 Rf7 20. Bc4 1-0

[Event "TURNIEJ O PUCHAR UKS PALAC MLODZIEZY KATOWICE Z OKAZJI DNIA NIEPODLEGLOSCI"]
[Site "Centrum Kongresow i Rekreacji Orle Gniazdo ul. Wrzosowa 28a, Szczyrk"]
[Date "1899-12-30"]
[Round "1.6"]
[White "Tomkiewicz, Szymon"]
[Black "Markiewicz, Jerzy"]
[Result "0-1"]
[WhiteTitle "II"]
[BlackTitle "FM"]
[WhiteElo "1276"]
[BlackElo "2175"]

1. c4 e5 2. Nc3 Nf6 3. g3 c6 4. Bg2 d5 5. b3 d4 6. Ne4 Nxe4 7. Bxe4 Be7 8. e3 O-O
9. Ne2 f5 10. Bg2 c5 11. O-O Nc6 12. Bb2 Bf6 13. Bd5+ Kh8 14. d3 Ne7 15. Bg2 Rb8
16. e4 f4 17. Kh1 g5 18. f3 h5 19. h3 fxg3 20. Nxg3 h4 21. Nh5 Qe8 22. Nxf6 Rxf6
23. Rg1 Qh5 24. Ba3 b6 25. Kh2 Ng6 26. Bc1 Bd7 27. Qe2 Rg8 28. Bd2 Nf4 29. Bxf4
gxf4 30. Qf2 Rg3 31. Bf1 Rfg6 32. Rxg3 hxg3+ 33. Kg2 Qxh3+ 34. Kg1 gxf2+ 35. Kxf2
Qh2+ 36. Ke1 Qc2 37. Be2 Rg2 38. Bf1 Qd2# 0-1

[Event "TURNIEJ O PUCHAR UKS PALAC MLODZIEZY KATOWICE Z OKAZJI DNIA NIEPODLEGLOSCI"]
[Site "Centrum Kongresow i Rekreacji Orle Gniazdo ul. Wrzosowa 28a, Szczyrk"]
[Date "1899-12-30"]
[Round "1.7"]
[White "Urbanski, Grzegorz"]
[Black "Wasala, Wiktoria"]
[Result "1-0"]
[WhiteTitle "k"]
[BlackTitle "I"]
[WhiteElo "2164"]
[BlackElo "1271"]

1. e4 Nf6 2. Nc3 d5 3. exd5 Nxd5 4. Bc4 Nb6 5. Bb3 Nc6 6. d3 Bf5 7. Nge2 e6 8.
Ng3 Bg6 9. Bf4 Bd6 10. Bxd6 Qxd6 11. O-O O-O 12. Nge4 Qe7 13. a3 Rad8 14. Re1
Nd4 15. Ba2 Nd5 16. Nxd5 exd5 17. Nc3 Qc5 18. Qd2 c6 19. b4 Qd6 20. Nd1 Rfe8 21.
Ne3 Nf5 22. Ng4 h5 23. Ne3 Nxe3 24. Rxe3 d4 25. Ree1 Qf6 26. Bb3 Bf5 27. a4 Qg6
28. Qf4 Bh3 29. Qg3 Qxg3 30. hxg3 Bf5 31. f3 g6 32. Kf2 Kg7 33. b5 c5 34. a5 a6
35. b6 Kf6 36. Rxe8 Rxe8 37. Bd5 Re7 38. Ra4 Bd7 39. Rc4 Bb5 40. Rxc5 Re5 41.
f4 Rf5 42. Rxb5 axb5 43. Bxb7 b4 44. a6 Rc5 45. a7 Ra5 46. a8=Q Rxa8 47. Bxa8
Ke6 48. Ke2 Kd6 49. Be4 Kc5 50. b7 1-0

[Event "TURNIEJ O PUCHAR UKS PALAC MLODZIEZY KATOWICE Z OKAZJI DNIA NIEPODLEGLOSCI"]
[Site "Centrum Kongresow i Rekreacji Orle Gniazdo ul. Wrzosowa 28a, Szczyrk"]
[Date "1899-12-30"]
[Round "1.8"]
[White "Bien, Hubert"]
[Black "Turlej, Lukasz"]
[Result "0-1"]
[WhiteTitle "II"]
[BlackTitle "k"]
[WhiteElo "1267"]
[BlackElo "2090"]

1. d4 Nf6 2. c4 e6 3. Nc3 Bb4 4. f3 d5 5. Bd2 dxc4 6. e4 Qxd4 7. a3 Ba5 8. Nge2
Qd8 9. Bg5 Qxd1+ 10. Rxd1 Nbd7 11. Ng3 b5 12. Be2 Bb7 13. Kf2 Bxc3 14. bxc3 Nc5
15. Bxf6 gxf6 16. Rd2 Ke7 17. Rhd1 Rhd8 18. Rxd8 Rxd8 19. Rxd8 Kxd8 20. Nh5 Ke7
21. Nf4 Na4 22. Bd1 Nxc3 23. Bc2 a5 24. Ne2 Nxe2 25. Kxe2 b4 26. axb4 axb4 27.
Kd2 Ba6 28. g3 h6 29. f4 e5 30. f5 Kd6 31. Ba4 Kc5 32. Be8 Kd4 33. Bc6 c3+ 34.
Kc2 Bd3+ 35. Kc1 b3 0-1

[Event "TURNIEJ O PUCHAR UKS PALAC MLODZIEZY KATOWICE Z OKAZJI DNIA NIEPODLEGLOSCI"]
[Site "Centrum Kongresow i Rekreacji Orle Gniazdo ul. Wrzosowa 28a, Szczyrk"]
[Date "1899-12-30"]
[Round "1.9"]
[White "Prohorov, Olexandr"]
[Black "Guzik, Wojciech"]
[Result "1-0"]
[WhiteTitle "k"]
[BlackTitle "II+"]
[WhiteElo "2074"]
[BlackElo "1256"]

1. Nf3 Nf6 2. c4 c5 3. Nc3 Nc6 4. g3 g6 5. Bg2 Bg7 6. O-O O-O 7. d4 cxd4 8. Nxd4
Nxd4 9. Qxd4 d6 10. Bg5 h6 11. Bc1 Qa5 12. Qd2 Rb8 13. Rb1 Qc7 14. b3 b6 15. Nb5
Qd7 16. Ba3 Bb7 17. Bxb7 Rxb7 18. Rfd1 a6 19. Nd4 Qc8 20. Qd3 Nd7 21. Qe4 Nc5
22. Qf3 Rc7 23. Bb2 Nd7 24. h4 Ne5 25. Qg2 Qb7 26. Rd2 Qxg2+ 27. Kxg2 Rfc8 28.
Rbd1 Kh7 29. Kh3 Nc6 30. e3 Nxd4 31. exd4 b5 32. cxb5 axb5 33. Kg2 Rc2 34. Kf1
g5 35. hxg5 hxg5 36. Ke2 Kg6 37. Ra1 e5 38. dxe5 Bxe5 39. Bxe5 dxe5 40. a4 b4
41. a5 Rxd2+ 42. Kxd2 Kf5 43. a6 Ke4 44. Ra4 Ra8 45. Rxb4+ Kd5 46. Ra4 Kc5 47.
Ra5+ 1-0

[Event "TURNIEJ O PUCHAR UKS PALAC MLODZIEZY KATOWICE Z OKAZJI DNIA NIEPODLEGLOSCI"]
[Site "Centrum Kongresow i Rekreacji Orle Gniazdo ul. Wrzosowa 28a, Szczyrk"]
[Date "1899-12-30"]
[Round "1.10"]
[White "Skrzypczynski, Dariusz"]
[Black "Rozycki, Bartlomiej"]
[Result "0-1"]
[WhiteTitle "II"]
[BlackTitle "k++"]
[WhiteElo "1254"]
[BlackElo "2061"]

1. e4 c5 2. Nf3 e6 3. d4 cxd4 4. Nxd4 a6 5. b3 Qc7 6. Bb2 Nf6 7. f3 Nc6 8. Nxc6
bxc6 9. Nc3 d5 10. Bd3 Bc5 11. Na4 Ba7 12. e5 Nd7 13. f4 c5 14. Qg4 O-O 15. h4
c4 16. Be2 Nc5 17. Nxc5 Qxc5 18. Qf3 Bb7 19. Qf1 cxb3 20. cxb3 Qc2 21. Ba3 Qc3+
22. Kd1 Qxa1+ 23. Bc1 Rfc8 24. Bc4 dxc4 25. bxc4 Rd8+ 26. Kc2 Be4+ 27. Kb3 Rab8+
28. Ka4 Qxa2+ 29. Ba3 Bc2+ 0-1

[Event "TURNIEJ O PUCHAR UKS PALAC MLODZIEZY KATOWICE Z OKAZJI DNIA NIEPODLEGLOSCI"]
[Site "Centrum Kongresow i Rekreacji Orle Gniazdo ul. Wrzosowa 28a, Szczyrk"]
[Date "1899-12-30"]
[Round "1.11"]
[White "Wacior, Maciej"]
[Black "Kubiak, Aleksandra"]
[Result "1-0"]
[WhiteTitle "I++"]
[BlackTitle "II"]
[WhiteElo "1960"]
[BlackElo "1252"]

1. d4 f5 2. Bf4 Nf6 3. e3 e6 4. Nf3 b6 5. h3 Bb7 6. Be2 Bb4+ 7. c3 Be7 8. a4 O-O
9. O-O Ne4 10. Bh2 d6 11. Nbd2 Nd7 12. a5 Ndf6 13. Qb3 Bd5 14. c4 Bb7 15. Rfd1
Qe8 16. Nf1 Qg6 17. c5 Ng5 18. Nxg5 Qxg5 19. Qxe6+ Kh8 20. Bg3 Ne4 21. a6 Bc6
22. d5 Be8 23. h4 Qf6 24. Qxf6 Rxf6 25. cxd6 Bxd6 26. Rac1 Nxg3 27. fxg3 Rf7 28.
Bf3 Re7 29. Kh2 Bb5 30. Nd2 Bxa6 31. Nb3 Rxe3 32. Nd4 Re5 33. Ne6 Rc8 34. Ra1
Bc4 35. Rxa7 Bb5 36. Ng5 Kg8 37. Rc1 h6 38. Ne6 Bd7 39. Nxc7 Be7 40. Rc3 Bb4 41.
Rb3 Bc5 42. Na6 Ba4 43. Nxc5 bxc5 44. Rxa4 c4 45. Rc3 g5 46. Raxc4 Rb8 47. hxg5
hxg5 48. Rc8+ Rxc8 49. Rxc8+ Kf7 50. d6 Ke6 51. Rd8 Re3 52. Re8+ Kxd6 53. Rxe3
1-0

[Event "TURNIEJ O PUCHAR UKS PALAC MLODZIEZY KATOWICE Z OKAZJI DNIA NIEPODLEGLOSCI"]
[Site "Centrum Kongresow i Rekreacji Orle Gniazdo ul. Wrzosowa 28a, Szczyrk"]
[Date "1899-12-30"]
[Round "1.12"]
[White "Zerebiec, Maurycy"]
[Black "Lorenc, Marian"]
[Result "1/2-1/2"]
[WhiteTitle "II"]
[BlackTitle "k"]
[WhiteElo "1248"]
[BlackElo "1956"]

1. d4 d5 2. c4 c6 3. cxd5 cxd5 4. Nc3 Nf6 5. Bf4 a6 6. e3 Nc6 7. Bd3 e6 8. Nf3
Bd6 9. Bxd6 Qxd6 10. O-O O-O 11. a3 b5 12. b4 Nd7 13. Nd2 Nb6 14. Nb3 Nc4 15.
Nc5 e5 16. Bxc4 exd4 17. Bxb5 dxc3 18. Bxc6 Qxc6 19. Rc1 a5 20. Rxc3 axb4 21.
axb4 Be6 22. Qd4 Qb5 23. Nxe6 fxe6 24. Qe5 Rf6 25. Rb3 Ra2 26. Qd6 h6 27. Qc5
Qe2 28. e4 dxe4 29. Rg3 Rd2 30. Qe7 Rf7 31. Qe8+ Rf8 32. Qxe6+ Kh8 33. Qg6 Rg8
34. Rh3 Rd7 35. Re3 Qc2 36. Qxe4 Qb2 37. Rb1 Qf6 38. b5 Rgd8 39. Ree1 Rd2 40.
Qe3 R8d3 41. Qe8+ Kh7 42. Qe4+ Kh8 43. Qe8+ Kh7 44. Qe4+ 1/2-1/2

[Event "TURNIEJ O PUCHAR UKS PALAC MLODZIEZY KATOWICE Z OKAZJI DNIA NIEPODLEGLOSCI"]
[Site "Centrum Kongresow i Rekreacji Orle Gniazdo ul. Wrzosowa 28a, Szczyrk"]
[Date "1899-12-30"]
[Round "1.13"]
[White "Kmiecik, Wojciech"]
[Black "Krzanowska, Liliana"]
[Result "1-0"]
[WhiteTitle "I+"]
[BlackTitle "II+"]
[WhiteElo "1953"]
[BlackElo "1244"]

1. e4 c5 2. Nf3 d6 3. d4 cxd4 4. Nxd4 Nf6 5. Nc3 g6 6. Be2 Bg7 7. O-O O-O 8. Be3
Nc6 9. Kh1 Bd7 10. f4 a6 11. Bf3 b5 12. a3 Qc7 13. Qd2 Nxd4 14. Bxd4 Rfe8 15.
Rad1 Rab8 16. h3 Bc6 17. Rde1 Rbd8 18. Qf2 Qd7 19. Rd1 a5 20. Bxf6 Bxf6 21. e5
Bg7 22. exd6 exd6 23. Bxc6 Qxc6 24. Rd3 b4 25. axb4 axb4 26. Nd5 Bxb2 27. Nxb4
Qb7 28. Nd5 Kg7 29. f5 Rd7 30. Rfd1 Red8 31. Rb3 Qc6 32. Rxb2 g5 33. f6+ Kg6 34.
Qd2 Qc8 1-0

[Event "TURNIEJ O PUCHAR UKS PALAC MLODZIEZY KATOWICE Z OKAZJI DNIA NIEPODLEGLOSCI"]
[Site "Centrum Kongresow i Rekreacji Orle Gniazdo ul. Wrzosowa 28a, Szczyrk"]
[Date "1899-12-30"]
[Round "1.15"]
[White "Filewicz, Radoslaw"]
[Black "Mytnik, Kinga"]
[Result "1-0"]
[WhiteTitle "I"]
[BlackTitle "I"]
[WhiteElo "1879"]
[BlackElo "1241"]

1. d4 d5 2. Nf3 Nf6 3. c4 dxc4 4. Nc3 Nc6 5. e3 e6 6. Bxc4 Bb4 7. O-O O-O 8. a3
Bxc3 9. bxc3 Bd7 10. Qc2 Qe7 11. e4 e5 12. d5 Na5 13. Bd3 b6 14. a4 Nb7 15. Ba3
c5 16. dxc6 Nd6 17. cxd7 Nxd7 18. Rfd1 Qf6 19. Bxd6 Qxd6 20. Bb5 Qe6 21. Bxd7
Qe7 22. Bc6 Rad8 23. Rd5 Rxd5 24. Bxd5 Rc8 25. c4 Qd6 26. Qb2 Re8 27. h3 h6 28.
a5 Qc7 29. axb6 axb6 30. Rb1 Rb8 31. Qxe5 Qd8 32. c5 b5 33. c6 Qb6 34. c7 Rc8
35. Rxb5 Qa6 36. Rb8 Kh7 37. Qf5+ Qg6 38. Qxg6+ Kxg6 39. Rxc8 Kh7 40. Rf8 f6 41.
c8=Q h5 42. Qf5+ g6 43. Rf7+ Kh6 44. Qf4+ g5 45. Qxf6# 1-0

[Event "TURNIEJ O PUCHAR UKS PALAC MLODZIEZY KATOWICE Z OKAZJI DNIA NIEPODLEGLOSCI"]
[Site "Centrum Kongresow i Rekreacji Orle Gniazdo ul. Wrzosowa 28a, Szczyrk"]
[Date "1899-12-30"]
[Round "1.16"]
[White "Choina, Jan"]
[Black "Poplawski, Maciej"]
[Result "0-1"]
[WhiteTitle "II"]
[BlackTitle "I"]
[WhiteElo "1238"]
[BlackElo "1839"]

1. e4 c6 2. d4 d5 3. e5 c5 4. dxc5 Nc6 5. Nf3 Bg4 6. Bb5 e6 7. h3 Bxf3 8. Qxf3
Bxc5 9. O-O Nge7 10. Nc3 Ng6 11. Qg3 O-O 12. Bxc6 bxc6 13. f4 0-1

[Event "TURNIEJ O PUCHAR UKS PALAC MLODZIEZY KATOWICE Z OKAZJI DNIA NIEPODLEGLOSCI"]
[Site "Centrum Kongresow i Rekreacji Orle Gniazdo ul. Wrzosowa 28a, Szczyrk"]
[Date "1899-12-30"]
[Round "1.17"]
[White "Banasik, Henryk"]
[Black "Bartoszewski-reiski, Olaf"]
[Result "1-0"]
[WhiteTitle "k"]
[BlackTitle "II"]
[WhiteElo "1805"]
[BlackElo "1233"]

1. e4 c5 2. Nf3 e6 3. b3 Nf6 4. e5 Nd5 5. c4 Nb6 6. Bb2 Nc6 7. d3 Be7 8. g3 O-O
9. Bg2 d6 10. O-O dxe5 11. Nxe5 Nxe5 12. Bxe5 Bf6 13. Bxf6 Qxf6 14. Nd2 Rd8 15.
Qe2 Qd4 16. Nf3 Qxd3 17. Qxd3 Rxd3 18. Rfd1 Rxd1+ 19. Rxd1 Bd7 20. Ne5 Bc6 21.
Bxc6 bxc6 22. Nxc6 f6 23. f4 Kf7 24. Kf2 Ke8 25. a4 f5 26. Ne5 Rd8 27. Rxd8+ Kxd8
28. Nc6+ Kd7 29. Nxa7 Kc7 30. Nb5+ Kc6 31. a5 Nd7 32. a6 Nf6 33. Ke3 Ne4 34. a7
Kb7 35. Nc7 Kxa7 36. Nxe6 g6 37. g4 Kb6 38. g5 Ka5 39. Nf8 Kb4 40. Nxh7 Kxb3 41.
Nf8 Kxc4 42. Nxg6 Kb4 43. Ne7 c4 44. Nxf5 Nc5 45. h4 c3 46. Nd4 Nb3 47. Nc2+ Kc4
48. g6 Nc5 49. g7 Kb3 50. Nd4+ Kb2 51. g8=Q c2 52. Nxc2 Kxc2 53. Qc4+ Kb2 54.
Qxc5 Kb3 55. Kd2 1-0

[Event "TURNIEJ O PUCHAR UKS PALAC MLODZIEZY KATOWICE Z OKAZJI DNIA NIEPODLEGLOSCI"]
[Site "Centrum Kongresow i Rekreacji Orle Gniazdo ul. Wrzosowa 28a, Szczyrk"]
[Date "1899-12-30"]
[Round "1.18"]
[White "Markiewicz, Krzysztof"]
[Black "Polczyk, Mikolaj"]
[Result "0-1"]
[WhiteTitle "II"]
[BlackTitle "I"]
[WhiteElo "1231"]
[BlackElo "1772"]

1. e4 c5 2. Nf3 d6 3. d4 cxd4 4. Nxd4 Nf6 5. Bd3 Nc6 6. Nxc6 bxc6 7. Qe2 g6 8.
Nc3 Bg7 9. Bd2 O-O 10. O-O-O Rb8 11. f3 Qb6 12. b3 Be6 13. g4 Nd7 14. h4 Qc5 15.
Nb1 a5 16. h5 Rfc8 17. hxg6 fxg6 18. Qh2 Nf8 19. f4 Bxg4 20. Rdg1 Bf3 21. f5 Bxh1
22. Rxh1 Qe5 23. Qxe5 Bxe5 24. fxg6 Nxg6 25. Nc3 Rf8 26. Bc4+ Kh8 27. Ne2 Rbd8
28. Be6 Rf6 29. Bg4 a4 30. Bf5 axb3 31. cxb3 d5 32. Bxg6 Rxg6 33. exd5 cxd5 34.
Nf4 Rf6 35. Nd3 Bd4 36. Kd1 Ra8 37. a4 e5 38. Rh5 Rd8 39. Nxe5 Rb8 40. b4 Bxe5
41. Rxe5 Rd6 42. Kc2 Kg7 43. Re2 Rc8+ 44. Kb3 h5 45. Rh2 Kg6 46. Be3 d4 47. Bd2
d3 48. Rh3 Rc2 49. Rxd3 Rxd2 50. Rxd2 Rxd2 51. a5 h4 52. a6 h3 53. a7 Rd8 54.
b5 h2 55. b6 h1=Q 0-1

[Event "TURNIEJ O PUCHAR UKS PALAC MLODZIEZY KATOWICE Z OKAZJI DNIA NIEPODLEGLOSCI"]
[Site "Centrum Kongresow i Rekreacji Orle Gniazdo ul. Wrzosowa 28a, Szczyrk"]
[Date "1899-12-30"]
[Round "1.19"]
[White "Kaminski, Maciej"]
[Black "Laszczuk, Zuzanna"]
[Result "1-0"]
[WhiteTitle "I"]
[BlackTitle "I"]
[WhiteElo "1769"]
[BlackElo "1229"]

1. d4 d5 2. Nc3 c6 3. e4 e6 4. Nf3 Nf6 5. e5 Nfd7 6. Be3 Bb4 7. Bd3 h6 8. Qd2 Qb6
9. O-O g5 10. h4 gxh4 11. Bxh6 Bxc3 12. bxc3 Qd8 13. Bg5 f6 14. Bg6+ Kf8 15. Bxh4
Qe7 16. Qf4 Qg7 17. Bxf6 Nxf6 18. Qxf6+ Qxf6 19. exf6 Nd7 20. Ne5 Nxf6 21. f4
Bd7 22. f5 Kg7 23. Nxd7 Nxd7 24. fxe6 Nf6 25. Bf7 Rh4 26. Rae1 Rah8 27. Kf2 Rf4+
28. Ke2 Rxf1 29. Rxf1 Ne4 30. Rf3 Rh2 31. e7 Rxg2+ 32. Kf1 Rxc2 1-0

[Event "TURNIEJ O PUCHAR UKS PALAC MLODZIEZY KATOWICE Z OKAZJI DNIA NIEPODLEGLOSCI"]
[Site "Centrum Kongresow i Rekreacji Orle Gniazdo ul. Wrzosowa 28a, Szczyrk"]
[Date "1899-12-30"]
[Round "1.20"]
[White "Wawro, Kacper"]
[Black "Rak, Maciej"]
[Result "0-1"]
[WhiteTitle "III"]
[BlackTitle "II+"]
[WhiteElo "1223"]
[BlackElo "1748"]

1. d4 d5 2. c4 e6 3. Nf3 Nf6 4. Bg5 Be7 5. Nc3 O-O 6. e3 h6 7. Bh4 b6 8. Bd3 Bb7
9. O-O Nbd7 10. Re1 c5 11. b3 Ne4 12. Bxe4 dxe4 13. Bxe7 Qxe7 14. Nd2 Nf6 15.
Qc2 Qc7 16. Ndxe4 Ng4 17. Ng3 h5 18. f3 Nxh2 19. Nxh5 g6 20. Nf4 g5 21. Nh3 g4
22. Ng5 f5 23. f4 g3 24. Qe2 Qg7 25. Nxe6 Qh6 26. Ng5 Ng4 27. Nh3 Rf7 28. d5 Rh7
29. Qf3 Qf6 30. Rac1 Re8 31. Nb5 a6 32. Nc7 Rxc7 33. Rcd1 Rg7 34. Qe2 b5 35. d6
Bc6 36. cxb5 axb5 37. Rc1 Qxd6 38. Red1 Qc7 39. Rxc5 Rxe3 40. Qc2 Qa7 41. Rd8+
Kf7 42. Qxf5+ Nf6 43. Rf8+ Kxf8 44. Qxf6+ Qf7 45. Qxf7+ Rxf7 46. Rxc6 Re1# 0-1

[Event "TURNIEJ O PUCHAR UKS PALAC MLODZIEZY KATOWICE Z OKAZJI DNIA NIEPODLEGLOSCI"]
[Site "Centrum Kongresow i Rekreacji Orle Gniazdo ul. Wrzosowa 28a, Szczyrk"]
[Date "1899-12-30"]
[Round "1.21"]
[White "Rudecki, Bartosz"]
[Black "Smuda, Tomasz"]
[Result "1-0"]
[WhiteTitle "II+"]
[BlackTitle "III"]
[WhiteElo "1738"]
[BlackElo "1213"]

1. e4 e5 2. Nf3 Nc6 3. Bc4 Bc5 4. b4 Be7 5. b5 Na5 6. Nxe5 Nxc4 7. Nxc4 c6 8. bxc6
bxc6 9. O-O Ba6 10. d3 Bxc4 11. dxc4 Bf6 12. c3 Ne7 13. Re1 Ng6 14. e5 Be7 15.
Ba3 O-O 16. Bxe7 Qxe7 17. Qd6 Qxd6 18. exd6 Rfe8 19. Nd2 Kf8 20. g3 Rad8 21. c5
Ne5 22. Kg2 Nd3 23. Rxe8+ Rxe8 24. Rb1 Re2 25. Rb8+ 1-0

[Event "TURNIEJ O PUCHAR UKS PALAC MLODZIEZY KATOWICE Z OKAZJI DNIA NIEPODLEGLOSCI"]
[Site "Centrum Kongresow i Rekreacji Orle Gniazdo ul. Wrzosowa 28a, Szczyrk"]
[Date "1899-12-30"]
[Round "1.22"]
[White "Czerwinska, Oliwia"]
[Black "Miasik, Adrian"]
[Result "1/2-1/2"]
[WhiteTitle "II+"]
[BlackTitle "I"]
[WhiteElo "1202"]
[BlackElo "1732"]

1. e4 e5 2. Nf3 Nc6 3. Bc4 Bc5 4. Nc3 Nf6 5. d3 h6 6. O-O d6 7. h3 a6 8. a3 O-O
9. Be3 Qe7 10. Bxc5 dxc5 11. Nd5 Nxd5 12. Bxd5 Nd4 13. c3 Nxf3+ 14. Qxf3 c6 15.
Bb3 Be6 16. Qd1 Rad8 17. Bxe6 Qxe6 18. Qc2 Rd7 19. Rad1 Rfd8 20. Rd2 Rd6 21. Rfd1
Qd7 22. Kh1 c4 23. d4 exd4 24. Rxd4 Qe6 25. Rxd6 Rxd6 26. Rxd6 Qxd6 27. Kg1 Qd3
28. Qxd3 cxd3 29. Kf1 c5 30. b3 b5 31. c4 Kf8 32. Ke1 Ke7 33. Kd2 Kd6 34. Kxd3
Ke5 35. Ke3 g5 36. g4 f6 37. f3 Ke6 38. Kd3 Kd6 39. Ke2 bxc4 40. bxc4 a5 41. a4
Ke6 42. Kd2 Kd6 43. Ke2 Ke6 44. Kd2 1/2-1/2

[Event "TURNIEJ O PUCHAR UKS PALAC MLODZIEZY KATOWICE Z OKAZJI DNIA NIEPODLEGLOSCI"]
[Site "Centrum Kongresow i Rekreacji Orle Gniazdo ul. Wrzosowa 28a, Szczyrk"]
[Date "1899-12-30"]
[Round "1.23"]
[White "Kawalko, Adam"]
[Black "Reszka, Zofia"]
[Result "1-0"]
[WhiteTitle "II+"]
[BlackTitle "I"]
[WhiteElo "1703"]
[BlackElo "1201"]

1. e4 c5 2. Nf3 e6 3. d4 cxd4 4. Nxd4 a6 5. c4 Qc7 6. Nc3 Be7 7. Be3 Nf6 8. Bd3
b6 9. O-O Bb7 10. f3 O-O 11. Rc1 Nc6 12. a3 Rac8 13. b4 d6 14. Kh1 Rfd8 15. f4
Nxd4 16. Bxd4 e5 17. Be3 Bc6 18. Nd5 Bxd5 19. cxd5 Qb7 20. Qe2 b5 21. a4 Rb8 22.
a5 Rdc8 23. f5 Rxc1 24. Rxc1 Rc8 25. Qe1 Bd8 26. h3 Rxc1 27. Qxc1 Qc7 28. Qc6
Qxc6 29. dxc6 Ne8 30. Bb6 Bxb6 31. axb6 a5 32. bxa5 b4 33. Bc4 Kf8 34. c7 Nxc7
35. bxc7 Ke7 36. c8=Q g6 37. fxg6 hxg6 38. Qc7+ Ke8 39. Qxf7+ Kd8 40. Be6 g5 41.
Qd7# 1-0

[Event "TURNIEJ O PUCHAR UKS PALAC MLODZIEZY KATOWICE Z OKAZJI DNIA NIEPODLEGLOSCI"]
[Site "Centrum Kongresow i Rekreacji Orle Gniazdo ul. Wrzosowa 28a, Szczyrk"]
[Date "1899-12-30"]
[Round "1.24"]
[White "Grodzicki, Piotr"]
[Black "Wisniewski, Jacek"]
[Result "0-1"]
[WhiteTitle "II"]
[BlackTitle "k"]
[WhiteElo "1199"]
[BlackElo "1702"]

1. e4 e5 2. Nf3 Nc6 3. d4 exd4 4. Nxd4 Bc5 5. Nxc6 Qf6 6. Qe2 Qxc6 7. Qd1 a6 8.
Be2 Nf6 9. e5 Qxg2 10. Bf3 Qxf2# 0-1

[Event "TURNIEJ O PUCHAR UKS PALAC MLODZIEZY KATOWICE Z OKAZJI DNIA NIEPODLEGLOSCI"]
[Site "Centrum Kongresow i Rekreacji Orle Gniazdo ul. Wrzosowa 28a, Szczyrk"]
[Date "1899-12-30"]
[Round "1.26"]
[White "Tomkiewicz, Jakub"]
[Black "Namyslak, Piotr"]
[Result "0-1"]
[WhiteTitle "II"]
[BlackTitle "I"]
[WhiteElo "1190"]
[BlackElo "1696"]

1. c4 e5 2. g3 Nf6 3. Bg2 c6 4. Nc3 d5 5. b3 Be6 6. e4 dxc4 7. Nf3 Nbd7 8. bxc4
Bxc4 9. d3 Bb4 10. Bb2 Be6 11. a3 Ba5 12. O-O O-O 13. Na4 b5 14. Nc3 Bxc3 15.
Bxc3 Qc7 16. Qb1 Ne8 17. Qe1 f6 18. Ba5 Nb6 19. Qc3 c5 20. Rac1 Rc8 21. Rc2 Na4
22. Bxc7 Nxc3 23. Rxc3 Rxc7 24. Rfc1 c4 25. Nd2 Nd6 26. Bf1 Rfc8 27. R3c2 a5 28.
a4 c3 29. Nb1 b4 30. Re2 c2 31. Nd2 b3 32. Nc4 Nxc4 33. dxc4 Bxc4 34. Re3 Bxf1
35. Rxb3 Be2 36. Re3 Bd1 37. Rd3 Rb8 38. Rdxd1 cxd1=Q+ 39. Rxd1 Rb4 40. Ra1 Rcc4
41. Rd1 Rxe4 42. f3 Red4 43. Rc1 Rxa4 44. Rc8+ Kf7 45. Rc7+ Kg6 46. h4 Rd2 47.
Rc1 Raa2 48. Kh1 Rab2 49. g4 h5 50. gxh5+ Kxh5 51. Ra1 a4 52. Kg1 a3 53. Kf1 a2
0-1